Online Catalogue and eLibrary

Channels of discourse, reassembled : (Record no. 1844)

MARC details
000 -LEADER
fixed length control field 00511nam a2200205Ia 4500
005 - DATE AND TIME OF LATEST TRANSACTION
control field 20240812032029.0
008 - FIXED-LENGTH DATA ELEMENTS--GENERAL INFORMATION
fixed length control field 240331s9999 xx 000 0 und d
020 ## - INTERNATIONAL STANDARD BOOK NUMBER
ISBN 0415080592
082 ## - DDC Classification
Item Number - Author Mark CHA
Class No. 384.55
100 ## - MAIN ENTRY--PERSONAL NAME
Personal name
245 #0 - TITLE STATEMENT
Title Channels of discourse, reassembled :
Remainder of title television and contemporary criticism
250 ## - EDITION STATEMENT
Edition statement 2nd
260 ## - PUBLICATION, DISTRIBUTION, ETC.
Place of publication, distribution, etc. London
Name of publisher, distributor, etc. Routledge
Date of publication, distribution, etc. 1992
300 ## - PHYSICAL DESCRIPTION
Extent (e.g. Volumes, Pages etc.) 420 p .,
650 ## - SUBJECT ADDED ENTRY--TOPICAL TERM
Topical term or geographic name entry element Feminist
650 ## - SUBJECT ADDED ENTRY--TOPICAL TERM
Topical term or geographic name entry element Cultural
650 ## - SUBJECT ADDED ENTRY--TOPICAL TERM
Topical term or geographic name entry element Economy
700 ## - ADDED ENTRY--PERSONAL NAME
Personal name Allen, R.C.
Relator term (Role) Editor
942 ## - Koha item type (Biblio)
Koha item type Books in Stacks (Lending)
Holdings
Lost status Damaged status Collection code Home library Current library Shelving location Date acquired Full call number Accession Number Item type
    Lending WERC Library WERC Library Social Science Cupboard 03/31/2024 302.2 CHA 5992 Books in Stacks (Lending)

© WERC Library